Humánerőforrás-kezelés a Danubius hotel Gellértben

Bibliográfiai részletek
Szerző: Varsányi Márk
További közreműködők: Fekete-Frojimovics Dr. Zsófia
Dokumentumtípus: Projektmunka
Kulcsszavak:Humánerőforrás-kezelés
Emberi erőforrás menedzsment
Danubius Hotels Group
Online Access:http://dolgozattar.uni-bge.hu/21041

MARC

LEADER 00000nnm a2200000 i 4500
001 dolg21041
005 20190910132609.0
008 190515suuuu hu o 000 hun d
040 |a BGE Dolgozattár Repozitórium  |b hun 
041 |a hu 
100 1 |a Varsányi Márk 
245 1 0 |a Humánerőforrás-kezelés a Danubius hotel Gellértben  |c Varsányi Márk  |h [elektronikus dokumentum] 
516 |a Project_work 
695 |a Humánerőforrás-kezelés 
695 |a Emberi erőforrás menedzsment 
695 |a Danubius Hotels Group 
700 1 |a Fekete-Frojimovics Dr. Zsófia  |e ths 
856 4 0 |u http://dolgozattar.uni-bge.hu/21041/1/Vars%C3%A1nyi%20M%C3%A1rk_IVDNX0_TVvend.pdf  |z Dokumentum-elérés